|
|
|
|
| LEADER |
00000cam a2200000 7i4500 |
| 001 |
0000000590 |
| 005 |
20240919.0 |
| 008 |
991124 enk eng |
| 020 |
|
|
|a 0566002833
|
| 040 |
|
|
|a INS
|b eng
|e rda
|
| 090 |
0 |
0 |
|a JS7162
|b .N67 1980
|
| 100 |
1 |
|
|a Norris, M. W. ,
|e author
|
| 245 |
1 |
0 |
|a Local government in Peninsular Malaysia
|c M. W. Norris
|
| 264 |
|
1 |
|a Westmead :
|b Gower
|c 1980
|
| 300 |
|
|
|a viii, 121 pages :
|b illustrations ;
|c 23 cm.
|
| 336 |
|
|
|a text
|2 rdacontent
|
| 337 |
|
|
|a unmediated
|2 rdamedia
|
| 338 |
|
|
|a volume
|2 rdacarrier
|
| 504 |
|
|
|a Includes bibliographical references and index
|
| 650 |
|
0 |
|a Local government
|z Malaya
|x History
|y 20th century
|
| 999 |
|
|
|a 0000001425
|b BOOK
|c Open Shelf
|e Default branch
|